Le grand ballon captif a vapeur de M. Henry Giffard (Record no. 166334)

MARC details
000 -LEADER
campo de control de longitud fija 00844nam a2200205 i 4500
001 - NÚMERO DE CONTROL
campo de control 166334
003 - IDENTIFICADOR DE NÚMERO DE CONTROL
campo de control ES-MaACL
005 - FECHA Y HORA DE LA ÚLTIMA TRANSACCIÓN
campo de control 20251108161609.0
008 - DATOS DE LONGITUD FIJA--INFORMACIÓN GENERAL
campo de control de longitud fija 010302s1878 fr af |||| | fre d
040 ## - FUENTE DE CATALOGACIÓN
Centro catalogador/agencia de origen CAM
Lengua de catalogación spa
Centro/agencia transcriptor CAM
100 1# - ENTRADA PRINCIPAL--NOMBRE DE PERSONA
Nombre de persona Tissandier, Gaston (
Fechas asociadas al nombre 1843-1899)
9 (RLIN) 133269
245 13 - MENCIÓN DEL TÍTULO
Título Le grand ballon captif a vapeur de M. Henry Giffard
Resto del título : Cour des Tuileries, Paris, 1878 /
Mención de responsabilidad, etc. Gaston Tissandier ; illustrations par Albert Tissandier.
260 ## - PUBLICACIÓN, DISTRIBUCIÓN, ETC.
Lugar de publicación, distribución, etc. Paris :
Nombre del editor, distribuidor, etc. G. Masson, éditeur,
Fecha de publicación, distribución, etc. 1878 (
Fabricante Typographie Lahure)
300 ## - DESCRIPCIÓN FÍSICA
Extensión 67 p., [16] h. de lám. :
Otras características físicas il. ;
Dimensiones 23 cm.
600 17 - PUNTO DE ACCESO ADICIONAL DE MATERIA--NOMBRE DE PERSONA
Nombre de persona Giffard, Henri,
Fechas asociadas al nombre 1825-1882
Fuente del encabezamiento o término
9 (RLIN) 155787
650 04 - PUNTO DE ACCESO ADICIONAL DE MATERIA--TÉRMINO DE MATERIA
Término de materia o nombre geográfico como elemento de entrada Aerostación.
9 (RLIN) 9661
700 1# - ENTRADA AGREGADA--NOMBRE PERSONAL
Nombre de persona Tissandier, Albert.
9 (RLIN) 133268
852 ## - LOCALIZACIÓN
Ubicación ES-MaACL
Número de control de estantería T-851-F-2
Nota libre -- Enc. hol. conservando la cub. original
-- -- Enc. en un vol. facticio
Holdings
Estatus retirado Estado de pérdida Estado de daño No para préstamo Colección Biblioteca de origen Biblioteca actual Ubicación en estantería Fecha de adquisición Total de préstamos Signatura topográfica completa Código de barras Visto por última vez Precio de reemplazo Tipo de ítem Koha
        Colección de folletos Biblioteca del Ateneo de Madrid Biblioteca del Ateneo de Madrid Depósito folletos 17/01/2008   T-851-F-2 1174441 23/02/2023 23/02/2023 Folleto